| 000 | 00471nam a2200157 i 4500 | ||
|---|---|---|---|
| 001 | 41024 | ||
| 003 | ES-MaACL | ||
| 005 | 20230906160347.0 | ||
| 007 | t| | ||
| 008 | 030307s1969 sp ||||1| spa d | ||
| 100 | 1 |
_aCarpentier, Alejo. _935442 |
|
| 245 | 1 | 0 |
_aLiteratura y conciencia política en América Latina / _cAlejo Carpentier. |
| 260 |
_a[Madrid : _bAlberto Corazón : _bS.A.E.G.E., _c1969] |
||
| 300 |
_a142 p. ; _c18 cm. |
||
| 852 |
_aES-MaACL _jC-40663 _bR.72195 |
||
| 999 |
_c41024 _d41024 |
||